000 01031cam a22002774a 4500
001 12435843
003 ARRUPE
005 20140326130006.0
008 010608s2003 dcu b 001 0 eng
010 _a 2001042083
020 _a0813210968 (pbk. : alk. paper)
020 _a081321095X (alk. paper)
040 _aDLC
_cDLC
_dDLC
042 _apcc
050 0 0 _aBD331
_b.B565 2003
082 0 0 _a111
_221
100 1 _aBlanchette, Oliva.
_99427
245 1 0 _aPhilosophy of being :
_ba reconstructive essay in metaphysics /
_cOliva Blanchette.
260 _aWashington, D.C. :
_bCatholic University of America Press,
_cc2003.
300 _axxiii, 563 p. ;
_c24 cm.
504 _aIncludes bibliographical references (p. 557-558) and indexes.
650 0 _aOntology.
_99428
906 _a7
_bcbc
_corignew
_d1
_eocip
_f20
_gy-gencatlg
942 _2lcc
_cMONOGRAPH
999 _c120276
_d120276